المشكلات الانفعالية للمرض (Record no. 17858)

MARC details
000 -LEADER
fixed length control field 00562nam a22001817a 4500
003 - CONTROL NUMBER IDENTIFIER
control field OSt
005 - DATE AND TIME OF LATEST TRANSACTION
control field 20171101111543.0
008 - FIXED-LENGTH DATA ELEMENTS--GENERAL INFORMATION
fixed length control field 171101b xxu||||| |||| 00| 0 ara d
040 ## - CATALOGING SOURCE
Original cataloging agency LB-BrCRDP
082 ## - DEWEY DECIMAL CLASSIFICATION NUMBER
Classification number 155.916 J83m
100 ## - MAIN ENTRY--PERSONAL NAME
Personal name ايرين م.جوسلين
245 ## - TITLE STATEMENT
Title المشكلات الانفعالية للمرض
250 ## - EDITION STATEMENT
Edition statement الطبعة الثانية
260 ## - PUBLICATION, DISTRIBUTION, ETC.
Place of publication, distribution, etc. القاهرة
Name of publisher, distributor, etc. مكتبة النهضة المصرية
Date of publication, distribution, etc. 1965
300 ## - PHYSICAL DESCRIPTION
Extent ص102
Dimensions سم19
500 ## - GENERAL NOTE
General note ترجمة الدكتور السيد محمد خيري
942 ## - ADDED ENTRY ELEMENTS (KOHA)
Source of classification or shelving scheme Dewey Decimal Classification
Koha item type Books
Holdings
Withdrawn status Lost status Source of classification or shelving scheme Damaged status Not for loan Home library Current library Date acquired Total Checkouts Full call number Barcode Date last seen Price effective from Koha item type
    Dewey Decimal Classification     مكتبة المطبعة - سن الفيل مكتبة المطبعة - سن الفيل 11/01/2017   155.916 J83m crdp015332 11/01/2017 11/01/2017 Books